| 000 -LEADER |
| fixed length control field |
01040cam a2200265 a 4500 |
| 005 - DATE AND TIME OF LATEST TRANSACTION |
| control field |
20131114062435.0 |
| 008 - FIXED-LENGTH DATA ELEMENTS--GENERAL INFORMATION |
| fixed length control field |
041112s2005 cau b 001 0 eng |
| 020 ## - INTERNATIONAL STANDARD BOOK NUMBER |
| International Standard Book Number |
0804750637 |
| 020 ## - INTERNATIONAL STANDARD BOOK NUMBER |
| International Standard Book Number |
0804750645 |
| 041 0# - LANGUAGE CODE |
| Language code of text/sound track or separate title |
eng |
| 080 ## - UNIVERSAL DECIMAL CLASSIFICATION NUMBER |
| Universal Decimal Classification number |
339.923:32 |
| Common auxiliary subdivision |
(4) |
| 100 1# - Rafti |
| Rafti |
Gerven, W. van |
| 100 1# - Rafti |
| -- |
(Walter) |
| 245 14 - TITLE STATEMENT |
| Title |
The European Union : a polity of states and peoples / |
| Statement of responsibility, etc |
Walter van Gerven. |
| 260 ## - |
| -- |
Stanford, Calif. : |
| -- |
Stanford University Press, |
| -- |
2005. |
| 300 ## - |
| -- |
xvii, 397 p. ; |
| -- |
24 cm. |
| 500 ## - |
| -- |
Preface : f. [XIII] - XIV |
| 504 ## - BIBLIOGRAPHY, ETC. NOTE |
| Bibliography, etc |
Includes bibliographical references and index. |
| 610 20 - |
| -- |
Unioni Europian |
| 650 #0 - |
| -- |
Unoni Europian |
| 651 #0 - |
| -- |
Europe |
| -- |
Politika dhe qeverisja |
| -- |
shek. 21 |
| 856 41 - |
| -- |
Table of contents |
| -- |
http://www.loc.gov/catdir/toc/ecip053/2004026677.html |
| 856 42 - |
| -- |
Contributor biographical information |
| -- |
http://www.loc.gov/catdir/enhancements/fy0710/2004026677-b.html |
| 856 42 - |
| -- |
Publisher description |
| -- |
http://www.loc.gov/catdir/enhancements/fy0710/2004026677-d.html |
| 942 ## - ADDED ENTRY ELEMENTS (KOHA) |
| Source of classification or shelving scheme |
|
| Item type |
Books |